Hopes for better spouses

Titel: Hopes for better spouses : protestant marriage and church renewal in early modern Europe, India, and North America / A. G. Roeber
Verfasser:
Veröffentlicht: Grand Rapids, Mich. ˜[u.a.]œ : Eerdmans, 2013
Umfang: XXVIII, 289 S. : Ill.
Format: Buch
Sprache: Englisch
Schriftenreihe/
mehrbändiges Werk:
Emory University studies in law and religion
RVK-Notation:
Schlagworte:
ISBN: 9780802868619
Buchumschlag
X
alg: 31378473
001A    $00077:04-12-12 
001B    $03025:22-03-18 $t09:32:18.000 
001C    $00030:14-07-17 $t12:30:04.000 
001D    $00077:09-08-13 
001U    $0utf8 
001X    $00 
002@    $0Aau 
003@    $0313784736 
003O    $0826300682 $aOCoLC 
004A    $A978-0-8028-6861-9 
007A    $0313784736 $aHEB 
010@    $aeng 
011@    $a2013 
021A    $aHopes for better spouses $dprotestant marriage and church renewal in early modern Europe, India, and North America $hA. G. Roeber 
028A    $#Roeber, A. G. $#Roeber, Anthony Gregg $#Roeber, A. Gregg $#Roeber, A.G. $7136921418 $8Roeber, A. G.$Z1949- [Tp1] $9207567433 
033A    $pGrand Rapids, Mich. {[u.a.] $nEerdmans 
034D    $aXXVIII, 289 S. 
034M    $aIll. 
036G    $aEmory University studies in law and religion 
039U    $8--Oou--Harrington, Joel F. [Tp3]. [A. G. Roeber: Hopes for Better Spouses], 2015. - DOI 10.1353/cat.2015.0039 $9427699479 
044K    $REvangelische Kirche $RAntiprotestantismus $#Protestantism $#Protestantisme $#Protestantesimo $#Protestantismo $#Protestantismus $#Protestantismus $74047538-4 $8Protestantismus [Ts1] $9085132543 
044K    $RPietist $RProtestantismus $#Pietism $#Piétisme $#Pietismo $#Pietismus $74046049-6 $8Pietismus [Ts1] $9085128759 
044K    $RFamilie $REheliche Lebensgemeinschaft $#Married people $#Married people Psychology $#Marriage $#Mariage $#Couples $#Psychologie du couple $#Ehe $#Ehe $#Eheleben $#Ehen $74013630-9 $8Ehe [Ts1] $9085030112 
045Z    $8HD 300 [Tkv] $9408611863 

lok: 31378473 3
101B    $018-02-14 $t11:39:46.000 
101C    $018-02-14 
101U    $0utf8 
145S/01 $a032 

exp: 31378473 3 1 #EPN
201B/01 $014-07-17 $t09:52:06.000 
201C/01 $018-02-14 
201U/01 $0utf8 
203@/01 $0727710141 
208@/01 $a18-02-14 $bzCh 
209A/01 $a01/HD 300.125 R711 $du $f330 $h01 HD 300 125 R711 $x00 
209B/01 $a4380 $x05 
209C/01 $aBzG-2014/ 
209G/01 $a1004380597 $x00 
245Z/01 $aHD 300.125 $x01 
247C/01 $8601330-2 <30/330>Frankfurt, Universitätsbibliothek J. C. Senckenberg, Bibliothekszentrum Geisteswissenschaften (BzG) $9102599378 

lok: 31378473 23

exp: 31378473 23 1 #EPN
201B/01 $005-03-15 $t15:43:26.000 
201C/01 $011-11-14 
201U/01 $0utf8 
203@/01 $0744027624 
208@/01 $a05-03-15 $bz 
209A/01 $a25 Ges KA 1050 $du $f024 $hGES KA 1050 $x00 
209G/01 $a27314562 $x00 
247C/01 $8352024-9 <34/24>Kassel, UB Kassel, Standort Holländischer Platz $9102599459 

lok: 31378473 25

exp: 31378473 25 1 #EPN
201B/01 $008-01-25 $t13:02:45.000 
201C/01 $004-12-12 
201U/01 $0utf8 
203@/01 $0658812106 
208@/01 $a09-08-13 $bzif 
209A/01 $aR/F R 35 1 $dd $f072 $x00 
209C/01 $a155/SK/2013 
209G/01 $a77020487 $x00 
209G/01 $aAmerikanistik $x01 
247C/01 $8651072-3 <77/072>Mainz, Universität Mainz, Bereichsbibliothek Philosophicum, Standort Anglistik/Amerikanistik $910260021X 

lok: 31378473 78

exp: 31378473 78 1 #EPN
201B/01 $022-03-18 $t09:30:09.000 
201C/01 $022-03-18 
201U/01 $0utf8 
203@/01 $01020086599 
208@/01 $a22-03-18 $be 
209A/01 $a/ $f000 $x00 
209A/01 $ab*p $x01 
220C/01 $apgar 
244Z/01 $#Böhmische Kronländer $#Länder der Böhmischen Krone $#Sudetenland $#Böhmen $#Mähren $#Mährisch-Schlesien $#Österreichisch-Schlesien $#Tschechische Sozialistische Republik Böhmische Länder $#Tschechei Böhmische Länder $#Země koruny české $74069573-6 $8--Tg1--Böhmische Länder $x01 $9085195553 
244Z/01 $#Moravians $#Frères moraves $#Brüderunität Brüdergemeine $#Erneuerte Brüderunität $#Evangelische Brüderkirche $#Herrnhuter Brüdergemeine $#Evangelische Brüder-Unität $#Unitas Fratrum Brüdergemeine $#Brüder-Unität Brüdergemeine $#Moravian Church $74134444-3 $8--Ts1--Brüdergemeine $x02 $9085492035 
247C/01 $82080>Marburg/Lahn, Herder-Institut, Forschungsbibliothek, Bibliographieportal $9336309341
LEADER 00000cam a2200000 c 4500
001 313784736
003 DE-603
005 20180322093218.0
007 tu
008 121204s2013 xx |||| | u00||u|eng c
020 |a 9780802868619 
035 |a (DE-599)HEB313784736 
035 |a (OCoLC)826300682 
040 |a DE-603  |b ger  |c DE-603  |d DE-603 
041 |a eng 
084 |a HD 300  |0 (DE-625)48479:  |0 (DE-603)408611863  |2 rvk 
100 1 |a Roeber, A. G.  |d 1949-  |0 (DE-603)207567433  |0 (DE-588)136921418  |2 gnd 
245 0 0 |a Hopes for better spouses  |b protestant marriage and church renewal in early modern Europe, India, and North America  |c A. G. Roeber 
264 1 |a Grand Rapids, Mich. ˜[u.a.]œ  |b Eerdmans  |c 2013 
300 |a XXVIII, 289 S.  |b Ill. 
490 0 |a Emory University studies in law and religion 
650 7 |a Protestantismus  |0 (DE-588)4047538-4  |0 (DE-603)085132543  |2 gnd 
650 7 |a Pietismus  |0 (DE-588)4046049-6  |0 (DE-603)085128759  |2 gnd 
650 7 |a Ehe  |0 (DE-588)4013630-9  |0 (DE-603)085030112  |2 gnd 
787 0 8 |i Rezensiert in  |a Harrington, Joel F.  |t [A. G. Roeber: Hopes for Better Spouses]  |o 10.1353/cat.2015.0039  |w (DE-603)427699479 
924 0 |9 30/330  |a (DE-603)727710141  |b DE-30-330  |c HES  |d d  |g 01/HD 300.125 R711 
924 0 |9 34/24  |a (DE-603)744027624  |b DE-34-24  |c HES  |d c  |g 25 Ges KA 1050 
924 0 |9 77/072  |a (DE-603)658812106  |b DE-77-072  |c HES  |d d  |g R/F R 35 1 
924 0 |9 2080  |a (DE-603)1020086599  |b DE-2080  |c HES  |d d  |g /